Leader xxxxxxxxxx
001 __ PCLIS00055828
005 __ 20220509135329.0
011 0_ |a1811-9247|b平裝|d每期NT$100
019 __ |a9771811924007|2EAN
022 __ |atw|b2009305554
100 __ |a20220227a20049999m ay0chiy09 e
101 0_ |achi
102 __ |atw
110 __ |aagaz 0yy0
200 1_ |a臺灣原Young|dHo Hai Yan|zmap|f原住民族委員會
207 _0 |a第53期(2014年5月號)─第95期(2021年12月號)
210 __ |a新北市新莊區|c原住民族委員會|d2014-2021[民103-110]
215 0_ |a冊|c圖|d26公分
300 __ |a2004年3月29日創刊
300 __ |aGPN: 2009305554
300 __ |a改名: 青少年雜誌期刊
301 __ |a9771811924007
314 __ |a作者號取自原民會
326 __ |a雙月刊
339 __ |a館藏: N.53, N.59-95
440 _0 |12001 |a青少年雜誌期刊
510 1_ |aHo Hai Yan|zmap
517 1_ |a臺灣原Young雙月刊|zchi
517 1_ |a原住民青少年雜誌雙月刊|zchi
681 __ |a536.3305|b8365
710 02 |a原住民族委員會
801 _0 |atw|b內湖高中|c20220227|gCCR
856 41 |uhttps://alilin.apc.gov.tw/tw/ebooks?ord=2|z電子期刊@臺灣原住民族電子書城
|